00806cam a2200217 a 4500008004100000020002500041100002300066245011100089260004300200300003600243500002000279504005400299650005400353651004800407651003000455651004100485650003500526003000100561005001700562040000900579  a9781137286642 (hbk.)1 aDibua, Jeremiah I.10aDevelopment and diffusionism: looking beyond neopatrimonialism in Nigeria, 1962-1985 /cJeremiah I. Dibua. aNew York :bPalgrave Macmillan,c2013. axviii, 255 p. :bmaps ;c24 cm. aIncludes index. aIncludes bbliographical references (p. [223]-243. 0aEconomic developmentxGovernment policyzNigeria. 0aNigeriaxEconomic conditionsy20th century. 0aNigeriaxEconomic policy. 0aNigeriaxForeign economic relations. 0aPolitical corruptionzNigeria.20230123122042.0 cNUST